| 000 | 01165nam0a2200277 i 4500 | ||
|---|---|---|---|
| 001 | RU\NLR\BIBL_A\011248883 | ||
| 005 | 20241114230620.0 | ||
| 010 |
_a9785803811480 _9500 |
||
| 021 |
_aRU _b2016-74417 _94823 |
||
| 035 | _a(NLR Aleph) 011248883 | ||
| 090 |
_a12155634 _c12155634 |
||
| 100 | _a20161017d2016 k y0rusy50 ca | ||
| 101 | 0 | _arus | |
| 102 | _aRU | ||
| 105 | _aa z 000zy | ||
| 200 | 1 |
_aОрганилтио(хлор)ацетилены _eмонография _fС.Г. Дьячкова _gМ-во образования и науки РФ, Иркут. нац. исслед. техн. ун-т |
|
| 210 |
_aИркутск _cИзд-во Иркутского национального исследовательского технического университета _d2016 |
||
| 215 |
_a218 с. _cил. _d20 |
||
| 320 | _aБиблиогр.: с. 192-216 (368 назв.) | ||
| 606 |
_aТиохлорацетилен _92610157 _3RU\NLR\auth\661546715 |
||
| 686 | _aГ248.2 | ||
| 700 | 1 |
_aДьячкова _bС. Г. _gСветлана Георгиевна |
|
| 942 | _cBOOK | ||
| 980 | _aNBR | ||